000 00451nam a2200181Ia 4500
005 20240823011038.0
008 240823s9999||||xx |||||||||||||| ||und||
041 _aENGLISH
082 _A005.3 N0
100 _a"Bidgoli,Hossein"
245 0 _aAdvanced Lotus 1-2-3 with applications
250 _a1st
260 _c1990
_b"Galgotia,New Delhi"
500 _aTRANSFERED
650 _aLotus
_bComputer Applications
942 _cBK
999 _c160393
_d160393